000 00438nam a2200181Ia 4500
005 20240823005918.0
008 240823s9999||||xx |||||||||||||| ||und||
041 _aENGLISH
082 _A"004,165 N9"
100 _aNagoor Kani A
245 0 _aMicroprocessor and its applications
250 _a1st
260 _c1999
_b"RBA,Chennai"
500 _aYES
650 _aMicroprocesser
_bComputer Science
942 _cBK
999 _c157083
_d157083